E + M. Ekonomie a management
| Corporate Authors: | , , , , , |
|---|---|
| Format: | Journal |
| Language: | Czech English |
| PhysicalDescription: | zv. 30 cm |
| Published: |
Liberec
Hospodářská fakulta Technické univerzity v Liberci
1998-2023
Liberec Technická univerzita v Liberci |
| ISSN: | 1212-3609 |
| Subjects: | |
| Online Access: | http://www.ekonomie-management.cz |
MARC
| LEADER | 00000cas a22000004a 4500 | ||
|---|---|---|---|
| 001 | vtls010594506 | ||
| 005 | 20260304094050.0 | ||
| 008 | 140502d19982023xr qr p 0 b0cze c | ||
| 022 | |a 1212-3609 | ||
| 040 | |a SVKBB |b slo |c SVKBB |d SNK |e AACR2 | ||
| 041 | 0 | |a cze |a eng | |
| 044 | |a xr |c CZ | ||
| 072 | 7 | |a 33 |x Ekonómia |2 konspekt | |
| 072 | 7 | |a 005 |x Manažment. Riadenie |2 konspekt | |
| 072 | 7 | |a 658 |x Riadenie a správa podniku |2 konspekt | |
| 080 | |a 33 |2 2001 | ||
| 080 | |a 005 |2 2001 | ||
| 080 | |a 658.8 |2 2001 | ||
| 080 | |a (051)001 |2 2001 | ||
| 210 | 0 | |a E M, Ekon. manag. | |
| 222 | 0 | |a E + M. Ekonomie a management | |
| 245 | 0 | 0 | |a E + M. Ekonomie a management |
| 246 | 1 | 3 | |a Ekonomie a management |
| 246 | 1 | 3 | |a E&M Economics and Management |
| 260 | |a Liberec |b Hospodářská fakulta Technické univerzity v Liberci |c 1998-2023 | ||
| 260 | 3 | |a Liberec |b Technická univerzita v Liberci | |
| 300 | |a zv. |c 30 cm | ||
| 310 | |a 4x ročne | ||
| 362 | 0 | |a Roč. 1, č. 1 (1998)-roč. 26, č. 4 (2023) | |
| 500 | |a Podnázov od [?]: vědecký ekonomický časopis | ||
| 650 | 0 | 7 | |a ekonómia |2 SNKPH |9 788 |
| 650 | 0 | 7 | |a manažment |2 SNKPH |9 922 |
| 650 | 0 | 7 | |a marketing |2 SNKPH |9 2299 |
| 650 | 0 | 7 | |a financie |2 SNKPH |9 2205 |
| 655 | 7 | |a vedecké časopisy |2 SNKPH |9 70520 | |
| 710 | 2 | |a Technická univerzita v Liberci. |b Hospodářská fakulta |9 222075 | |
| 710 | 2 | |a Západočeská univerzita v Plzni. |b Fakulta ekonomická |9 229228 | |
| 710 | 2 | |a Vysoká škola pedagogická v Hradci Králové. |b Fakulta řízení a informační technologie |9 231789 | |
| 710 | 2 | |a Univerzita Tomáše Bati ve Zlíně. |b Fakulta managementu a ekonomiky |9 105859 | |
| 710 | 2 | |a Univerzita J.E. Purkyně v Ústí nad Labem. |b Fakulta sociálně ekonomická |4 pbl |9 231417 | |
| 710 | 2 | |a Technická univerzita v Liberci. |b Ekonomická fakulta |9 222076 | |
| 710 | 2 | |a Univerzita Pardubice. |b Fakulta ekonomicko-správní |9 231203 | |
| 852 | |a Štátna vedecká knižnica v Banskej Bystrici | ||
| 852 | |a Slovenská národná knižnica v Martine | ||
| 856 | 4 | 1 | |u http://www.ekonomie-management.cz |
| 999 | |c 9506 |d 11436 | ||
| 952 | |t č. 1-2 |a SNK |b SNK |y PREZ |7 0 |p 17A1523574 |o snkČSC 4266/24/2021/1 |i snk2024/10871 |8 4 |0 0 |1 0 |4 0 |d 2024-07-11 |l 0 |r 2026-02-21 19:51:26 |w 2026-02-21 | ||
| 952 | |t č. 3-4 |a SNK |b SNK |y PREZ |7 0 |p 17A1523575 |o snkČSC 4266/24/2021/2 |i snk2024/10873 |8 4 |0 0 |1 0 |2 udc |4 0 |d 2024-07-11 |l 0 |r 2026-02-21 19:51:00 |w 2026-02-21 | ||
| 952 | |t č. 1-2 |a SNK |b SNK |y PREZ |7 0 |p 17A1523576 |o snkČSC 4266/25/2022/1 |i snk2024/10874 |8 4 |0 0 |1 0 |4 0 |d 2024-07-11 |l 0 |r 2026-02-21 19:51:26 |w 2026-02-21 | ||
| 952 | |t č. 3-4 |a SNK |b SNK |y PREZ |7 0 |p 17A1523577 |o snkČSC 4266/25/2022/2 |i snk2024/10875 |8 4 |0 0 |1 0 |4 0 |d 2024-07-11 |l 0 |r 2026-02-21 19:51:26 |w 2026-02-21 | ||
| 952 | |t 1 |a SNK |b SNK |c SNK_KF |y PREZ |7 4 |p 17A1558876 |o snkČSC 4266/26/2023/1 |i snk2026/2930 |h č. 1-2 |8 4 |0 0 |1 0 |2 udc |4 0 |d 2026-03-04 |l 0 |r 2026-03-04 10:01:02 |w 2026-03-04 | ||
| 952 | |t 1 |a SNK |b SNK |c SNK_KF |y PREZ |7 4 |p 17A1558877 |o snkČSC 4266/26/2023/2 |i snk2026/2965 |h č. 3-4 |8 4 |0 0 |1 0 |2 udc |4 0 |d 2026-03-04 |l 0 |r 2026-03-04 12:38:20 |w 2026-03-04 | ||


